QCM Louis XV. - Statistiques

Statistiques générales
  • Ce quiz a été pris 475 fois
  • Le résultat moyen est 11 sur 15
Statistiques - réponses
Question Réponse % Correct
À quel roi succède-t-il? Louis XIV
98%
En quelle année est né Louis XV? 1710
89%
Quelle maîtresse de Louis XV exerça un rôle politique majeur durant la fin du règne de ce dernier? Madame du Barry
87%
En quelle année meurt-t-il? 1774
83%
À quel âge devient-il roi? 5 ans
83%
Avec qui Louis XV se marie-t-il? Marie Leszczyńska
77%
Qui exerce la régence durant sa minorité? Philippe d'Orléans
72%
Durant quelle guerre la France perdit-elle la majorité de ses colonies américaines? Guerre de Sept Ans
70%
Qui lui succède? son petit-fils
70%
En quelle année est-il sacré? 1722
67%
Quel fût le principal ministre de Louis XV de 1726 à 1743? Cardinal de Fleury
59%
Quel territoire la France put-elle annexer suite à ce conflit? Duchés de Lorraine et de Bar
58%
Quelle guerre Louis XV mena-t-il dans le but de remettre son beau-père sur son trône? Guerre de Succession de Pologne
48%
Qui sont ses parents? Le Duc de Bourgogne et Marie-Adélaïde de Savoie
46%
Combien Louis XV a-t-il eu d'enfants légitimes? 10
44%
Aucun quiz correspondant
Distribution des résultats
% des personnes avec chaque résultat
Percentile par nombre de réponses
Votre historique - résultats
Vous n’avez pas pris ce quiz